| 000 | 00000nam 2200000za 4500 |
| 001 | 9.579054 |
| 003 | CaOODSP |
| 005 | 20230131161133 |
| 007 | cr ||||||||||| |
| 008 | 150406|2005||||xxc|||||o f|0| 0 eng d |
| 020 | |q(paper)|z0-660-19369-8 |
| 040 | |aCaOODSP|beng |
| 041 | |aeng|bfre |
| 043 | |an-cn-nu |
| 086 | 1 |aM42-582E-PDF |
| 100 | 1 |aHodgson, D. A. |
| 245 | 10|aQuaternary geology of western Meta Incognita Peninsula and Iqaluit area, Baffin Island, Nunavut |h[electronic resource] /|cD.A. Hodgson. |
| 260 | |aOttawa : |bNatural Resources Canada, |c2005. |
| 300 | |a82 p. : |bgraphs, maps (some coloured), photographs ; |eFigure 29 (1p.), Table 4 (1p.). |
| 490 | 1 |aBulletin / Geological Survey of Canada |v582 |
| 500 | |aA-series maps (2042A, 2043A, 2044A, 2045A, 2046A, 2047A, 2048A) to accompany the report, have been catalogued separately. |
| 500 | |aThe catalogue number (M42-582E) and ISBN (0-660-19369-8) for the print edition have been copied in this electronic publication. |
| 504 | |aIncludes bibliographical references. |
| 546 | |a(Résumé et Sommaire en français). |
| 590 | |a14-05-Supp|b2014-02-26 |
| 710 | 2 |aGeological Survey of Canada. |
| 776 | 0#|tQuaternary geology of western Meta Incognita Peninsula and Iqaluit area, Baffin Island, Nunavut / |w(CaOODSP)9.617180 |
| 830 | #0|aBulletin (Geological Survey of Canada)|v582|w(CaOODSP)9.504778 |
| 856 | 40|ahttp://publications.gc.ca|qPDF|s16.49 MB|uhttps://publications.gc.ca/Collection-R/GSC-CGC/M42E/582/GSC_B582.pdf |
| 856 | 40|ahttp://publications.gc.ca|qPDF|s4.84 MB|uhttps://publications.gc.ca/Collection-R/GSC-CGC/M42E/582/b582_f29.pdf |
| 856 | 40|ahttp://publications.gc.ca|qPDF|s5.53 MB|uhttps://publications.gc.ca/Collection-R/GSC-CGC/M42E/582/b582_tab4.pdf|y582 |